Smash Ultimate Retro Characters - Statistics

General Stats
  • This quiz has been taken 43 times
    34 since last reset
  • The average score is 23 of 25
Answer Stats
Debut Year Debut Game Retro Smash Character % Correct
1985 Super Mario Bros. Bowser
100%
1981 Donkey Kong Donkey Kong
100%
1985 Ice Climber Ice Climbers
100%
1986 The Legend Of Zelda Link
100%
1983 Mario Bros. Luigi
100%
1981 Donkey Kong Mario
100%
1987 Mega Man Mega Man
100%
1980 Game & Watch Mr. Game & Watch
100%
1980 Pac-Man Pac-Man
100%
1985 Super Mario Bros. Peach
100%
1986 Metroid Samus
100%
1987 Metal Gear Snake
100%
1989 Super Mario Land Daisy
96%
1984 Duck Hunt Duck Hunt
96%
1987 Punch-Out!! Little Mac
96%
1986 The Legend Of Zelda Zelda
96%
1986 Kid Icarus Pit
92%
1986 Metroid Ridley
92%
1983 NES R.O.B.
92%
1987 Castlevania Simon
92%
1986 Dragon Quest Hero
88%
1986 or 2004 Metroid or Metroid: Zero Mission Zero Suit Samus
88%
1986 Kid Icarus Palutena
85%
1985 Super Mario Bros. Piranha Plant
69%
1988 Super Mario Bros. 3 The Koopalings
62%
No matching quizzes found
Score Distribution
Percent of People with Each Score
Percentile by Number Answered
Your Score History
You have not taken this quiz since the last reset